000 00495nam a2200157Ia 4500
008 160316s2003 xxu||||| |||| 00| 0 eng d
082 _a344.012000
_bROY
100 _aRoy S K Dev
245 _aPro forma promotion under next below rule with government of India's orders, case law and commentary
250 _a
260 _aCuttack
_bThe Law
_c2003
300 _a192p
_b
_c
365 _b Gratis
650 _a1. Administrative Laws - Services 2. Administrative Laws - Services
700 _a
_a
999 _c29364
_d29364